[Event "4th Rome Open 2019"]
[Site "Rome"]
[Date "2019.12.09"]
[Round "1.1"]
[White "Tiviakov, Sergei"]
[Black "Vrublevskaya, Olga"]
[Result "1-0"]
[WhiteElo "2615"]
[BlackElo "2192"]
[Annotator "TA"]
[PlyCount "127"]
[EventDate "2019.12.08"]
[EventType "swiss"]
[EventCountry "ITA"]
[SourceTitle "playchess.com"]
[Source "ChessBase"]
[SourceQuality "1"]

{[%evp 16,127,43,16,27,25,22,25,22,24,17,14,59,63,59,13,83,26,51,41,32,0,0,-5,0,0,0,0,0,0,0,0,0,0,21,42,46,30,22,24,45,22,89,58,190,174,150,156,153,129,132,137,130,75,128,116,133,103,107,83,135,134,156,141,164,141,328,250,210,233,330,330,308,220,321,302,344,335,422,266,260,264,265,258,284,281,356,348,339,340,1234,1188,1188,793,753,753,8385,2920,4939,789,1396,774,610,497,544,458,29978,29979,29979,29980,29979,29971,29968,12699]} 1. e4 c5 2. c3 Nf6 3. e5 Nd5 4. Nf3 Nc6 5. Bc4 Nb6 6. Bb3 c4 7. Bc2 g6 8. O-O Bg7 9. Qe2 d6 {B22: Sicilian: 2 c3} 10. exd6 Qxd6 11. Na3 Be6 {White has an edge.} 12. b3 cxb3 13. axb3 {[#]} Nb4 $146 ({Predecessor:} 13... O-O 14. Nc4 Nxc4 15. bxc4 Ne5 16. Nxe5 Qxe5 17. Qxe5 Bxe5 {½-½ (36) Zvjaginsev,V (2655)-Nepomniachtchi,I (2714) Kazan 2014}) 14. Be4 N4d5 15. Nb5 Qb8 (15... Qd7 $1 $11) 16. Nbd4 ({White should play} 16. Nfd4 $16) 16... Bd7 $11 17. Ra5 Nf4 18. Qe3 O-O {Threatening ...e5.} 19. Ba3 Re8 {...e5 is the strong threat.} 20. Ne2 $1 {[%cal Re2f4]} Nxe2+ 21. Qxe2 f5 22. Bc2 e5 23. d3 Bc6 24. b4 Kh8 25. Bb3 Bxf3 26. Qxf3 Qc7 27. Rc5 Qd7 28. h4 Rad8 (28... Na4 $11 {remains equal.}) 29. h5 {Threatens to win with hxg6.} Qxd3 (29... g5 $1 $14) 30. Qxb7 $18 Rd7 31. Qc6 Qd6 32. hxg6 Qxg6 33. Qxg6 $40 {[%mdl 128] White attacks with force.} hxg6 34. Rc6 (34. Bc1 $142) 34... Kh7 ({Black should try} 34... Rc8 35. Rxc8+ (35. Rxg6 Rxc3 36. Rg3 Rdd3 $11) 35... Nxc8) 35. g3 Rc8 36. Rxc8 Nxc8 37. Be6 Rd8 (37... Rd3 $142) 38. c4 $16 e4 39. c5 Ne7 40. b5 {Hoping for c6.} e3 $2 (40... Rd3 $16 {keeps fighting.}) 41. fxe3 {[#] aiming for c6.} Rd3 42. Bc1 Bh6 (42... Be5 {might work better.} 43. g4 Rc3) 43. Kf2 $18 Rc3 44. Rh1 g5 (44... Rc2+ $142 45. Kf3 Rxc5) 45. g4 fxg4 46. b6 ({Don't take} 46. Bxg4 $6 Rxc5 47. Ba3 Rc2+ 48. Kf3 Rc7 $18) 46... Rxc5 47. Ba3 axb6 48. Bxc5 ({Weaker is} 48. Bxg4 Rc7 $16) 48... bxc5 {[%mdl 4096] Endgame KRB-KBN} 49. Rc1 Kg6 50. Rxc5 Kf6 51. Bxg4 Bf8 52. e4 Bg7 $2 {[#]} (52... Kf7 53. Rxg5 Bg7) 53. Kf3 Kg6 54. e5 Bf8 55. Ke4 Bg7 56. Rc1 (56. Rc2 $142 Kh7 57. Rf2) 56... Bh8 57. Rh1 (57. Rf1 $142 Bg7 58. Bd7) 57... Bg7 58. Bh5+ Kh7 59. Bf7+ Bh6 60. Be8 Ng6 (60... g4 $18 61. Bd7 g3 62. Bf5+ Kg7) 61. e6 {White mates.} Ne7 62. Ke5 Kg7 63. Rf1 Kg8 64. Bf7+ {Accuracy: White = 73%, Black = 35%.} 1-0

[Event "4th Rome Open 2019"]
[Site "Rome"]
[Date "2019.12.09"]
[Round "1.2"]
[White "Zhukov, Anton"]
[Black "Smirnov, Anton"]
[Result "0-1"]
[WhiteElo "2190"]
[BlackElo "2585"]
[Annotator "TA"]
[PlyCount "62"]
[EventDate "2019.12.08"]
[EventType "swiss"]
[EventCountry "ITA"]
[SourceTitle "playchess.com"]
[Source "ChessBase"]
[SourceQuality "1"]

{[%evp 9,68,0,12,4,31,21,25,27,14,24,25,19,32,24,47,35,48,42,62,2,3,8,24,19,27,-22,0,0,0,0,0,0,0,0,25,-108,124,132,123,133,130,116,127,-76,-71,-68,-97,-359,-341,-398,-406,-378,-385,-810,-683,-669,-665,-651,-643,-667,-654]} 1. d4 d5 2. c4 c6 3. Nf3 Nf6 4. Qb3 e6 5. g3 Nbd7 6. Bg2 {D11: Slav Defence: 3 Nf3 sidelines and 3...Nf6 4 e3 Bg4} Ne4 (6... b6 7. O-O Be7 8. Bf4 O-O 9. Nc3 Nh5 10. Be3 Bb7 11. Rfd1 Bd6 12. Rac1 Qe7 13. cxd5 exd5 14. Bg5 f6 15. Bd2 f5 16. Bg5 Qe6 17. e3 {½-½ (78) Van Wely,L (2661)-Korobov,A (2652) Sanem 2017}) 7. O-O Be7 8. Nbd2 {White has an edge.} f5 9. Ne1 O-O 10. Ndf3 Nb6 $146 ({Predecessor:} 10... Qe8 11. Nd3 b6 12. Bf4 g5 13. Be3 Bb7 14. cxd5 cxd5 {1-0 (29) Dalinger,V (2186)-Heinz,T (2054) Bayern 2009}) 11. c5 Nc4 12. Qc2 b6 $1 13. b3 Na5 {[%cal Rb6c5]} 14. b4 (14. Nd3 $14) 14... Nc4 $11 15. Nd3 bxc5 16. bxc5 Bf6 17. Nb2 Na3 18. Qa4 Nb5 19. e3 Nbc3 20. Qc2 $1 Ba6 $36 {[%mdl 2048] Black is pushing.} 21. Re1 Rb8 22. Nd2 (22. Bf1 $11 Bxf1 23. Kxf1) 22... Ne2+ $2 {[#]} (22... Qa5 $17 {keeps the pressure on. Strongly threatening ...Ne2+.} 23. f3 Ne2+ 24. Rxe2 Bxe2 25. fxe4 fxe4) 23. Rxe2 $1 $16 {[%mdl 512]} Bxe2 24. Nxe4 {[%mdl 64] Discovered Attack} fxe4 25. Qxe2 e5 {[#]} 26. Qd1 $2 (26. Qd2 $1 $16 {stays on course.}) 26... exd4 27. exd4 Qa5 $1 {[%cal Ra5c3] aiming for ...Qc3.} 28. a3 $2 {[%mdl 8192]} (28. Bd2 $17 Qa3 29. Nc4 dxc4 30. Be3) 28... Qc3 $1 $19 {[%csl LRb2,LRd4][%mdl 64] Double Attack} 29. Ra2 Bxd4 {[%mdl 64] Double Attack, Discovered Attack} 30. Na4 Qc4 31. Rd2 $2 (31. Bf1 Qxa2 32. Qxd4) 31... e3 {Played: Rb8-b1} 0-1

[Event "4th Rome Open 2019"]
[Site "Rome"]
[Date "2019.12.09"]
[Round "1.3"]
[White "Kollars, Dmitrij"]
[Black "Goossens, Hanne"]
[Result "1-0"]
[WhiteElo "2584"]
[BlackElo "2169"]
[Annotator "TA"]
[PlyCount "69"]
[EventDate "2019.12.08"]
[EventType "swiss"]
[EventCountry "ITA"]
[SourceTitle "playchess.com"]
[Source "ChessBase"]
[SourceQuality "1"]

{[%evp 9,69,0,20,25,28,27,30,14,46,41,42,32,81,75,148,134,140,127,100,59,54,40,120,126,150,120,105,155,163,80,265,80,80,76,119,115,127,119,121,126,127,130,122,23,285,48,67,0,0,0,775,775,762,721,29994,-29993,29995,29996,29996,29997,29997,29998]} 1. e4 c5 2. Nc3 d6 3. d4 cxd4 4. Qxd4 Nc6 5. Qd2 g6 6. b3 {B23: Closed Sicilian: Lines without g3} Bg7 (6... Bh6 7. f4 f5 8. Bb2 Nf6 9. O-O-O O-O 10. Kb1 Bg7 11. exf5 Bxf5 {1-0 (37) Caruana,F (2819)-Vachier Lagrave,M (2779) Stavanger 2019}) 7. Bb2 Nf6 8. O-O-O {White has an edge.} Be6 9. Kb1 Rc8 10. Nge2 $146 ({Predecessor:} 10. f3 O-O 11. Nge2 {1-0 (41) Nayhebaver,M (2466)-Turqueza,M (2360) Batumi 2018}) 10... b5 11. f3 a5 ({Black should try} 11... a6) 12. Nf4 b4 13. Ncd5 Bxd5 14. exd5 Ne5 15. Bb5+ Ned7 (15... Kf8 $14) 16. h4 $16 O-O 17. h5 $1 {And now hxg6 would win.} Ne5 18. hxg6 hxg6 19. Rh3 (19. g4 $18) 19... Rc5 $2 (19... Qb6 $16 {was worth a try.} 20. Ba4 Rc7) 20. Bc6 $2 (20. g4 $18) 20... Nxc6 21. dxc6 e5 22. Nd3 $1 {[%cal Rd3c5]} (22. Qxd6 $6 Qxd6 23. Rxd6 exf4 $11) 22... Rd5 23. Rdh1 Qc8 24. g4 $1 {Hoping for Qh2.} (24. c4 $6 bxc3 25. Qxc3 Qa6 $11) 24... Re8 ({Don't go for} 24... Qxc6 $2 25. Qh2 $18) 25. Qh2 $36 {[%mdl 2048] Rh8+! would kill now. White is on the roll.} Kf8 {[#]} 26. Nf4 $1 ({Don't take} 26. g5 Nh5 $11) 26... Qxc6 $2 {[%mdl 8192]} (26... exf4 $11 {and Black has nothing to worry.} 27. Rh8+ Ke7 28. Re1+ Re5 29. Bxe5 Rxh8 30. Bxf6+ Kf8 31. Qxf4 Qxc6) 27. Nxd5 $2 (27. g5 $18 Ng8 28. Rh7 (28. Nxd5 Qxd5 29. f4 a4 $18)) 27... Nxd5 $14 28. Rh7 (28. Qd2 $14) 28... Nc3+ $1 $11 29. Bxc3 bxc3 $2 {[%mdl 8192] [#]} (29... Qxc3 $11 30. Rxg7 Kxg7) 30. g5 $1 $18 Qc5 {[#]} 31. Rxg7 $1 {[%mdl 512] White threatens Qh8+ and mate.} Qa3 (31... Kxg7 32. Qh6+) 32. Qh8+ Ke7 {[%csl Gc3][%cal Ra3b2] [#]} 33. Rxf7+ $1 {[%mdl 512] White mates.} Kd8 (33... Kxf7 34. Qf6+) 34. Qf6+ {[%mdl 64] Double Attack} Kc8 {[#]} 35. Qe6+ $1 {[%mdl 576] Back Rank. Accuracy: White = 66%, Black = 39%.} 1-0

[Event "4th Rome Open 2019"]
[Site "Rome"]
[Date "2019.12.09"]
[Round "2.1"]
[White "Favaloro, Andrea"]
[Black "Tiviakov, Sergei"]
[Result "0-1"]
[WhiteElo "2346"]
[BlackElo "2615"]
[Annotator "TA"]
[PlyCount "108"]
[EventDate "2019.12.08"]
[EventType "swiss"]
[EventCountry "ITA"]
[SourceTitle "playchess.com"]
[Source "ChessBase"]
[SourceQuality "1"]

{[%evp 13,107,25,28,26,27,24,20,22,37,27,29,18,20,21,31,9,17,-53,-55,-75,-71,-69,-64,-72,-64,-66,-61,-62,-67,-73,-75,-81,-81,-81,-81,-81,-73,-73,-73,-73,-78,-80,-72,-73,-74,-81,-76,-81,-78,-79,-68,-76,-76,-76,-68,-95,-95,-95,-96,-113,-109,-103,-104,-119,-81,-81,-81,-81,-81,-132,-125,-161,-149,-156,-119,-150,-104,-124,-126,-135,-137,-269,-258,-241,-254,-245,-241,-486,-479,-556,-530,-845,-850,-29991,-29992,-29995]} 1. e4 c6 2. Nf3 d5 3. Nc3 Bg4 4. h3 Bxf3 5. Qxf3 e6 6. Be2 Nf6 7. O-O Nbd7 8. d4 {B11: Caro-Kann: Two Knights Variation} dxe4 9. Nxe4 Nxe4 10. Qxe4 {The position is equal.} Be7 11. a4 $146 ({Predecessor:} 11. c3 O-O 12. b3 Re8 13. Bb2 a5 14. a3 {1-0 (55) Vachier Lagrave,M (2758)-Wang,H (2710) Beijing 2014}) 11... a5 12. Rd1 O-O 13. Bd3 {[%csl Gd3][%cal Re4h7]} g6 14. Bd2 Nf6 15. Qf3 (15. Qe3 $11) 15... Qxd4 $15 16. Bc3 {[#]} Qh4 $1 17. g3 Qg5 18. h4 Qg4 19. Qxg4 Nxg4 20. Be2 Nf6 21. Bxf6 Bxf6 22. Rd7 Rab8 23. Rb1 Rfd8 24. Rxd8+ Bxd8 $17 {[%mdl 4096] Endgame KRB-KRB} 25. b4 axb4 26. Rxb4 Ba5 27. Rb3 Kf8 28. h5 Ke7 29. hxg6 hxg6 30. g4 Bc7 31. Kg2 g5 32. Bf3 Kd7 33. Be4 Be5 34. Rb4 Kc7 35. Bd3 Ra8 36. Kf3 Bd6 37. Rc4 Ra5 38. Ke2 f5 39. f3 Kd7 40. Kf1 Ke7 41. Ke2 (41. gxf5 $142 exf5 42. Rc3) 41... Kf6 42. Kf1 Ke5 43. Ke2 Ra8 44. Kf1 Rh8 45. Kg2 Kd5 46. Kg1 Rh3 47. gxf5 (47. Kg2 $17 {was worth a try.} Rh2+ 48. Kg1) 47... exf5 $19 ({Not} 47... Rxf3 48. fxe6 Kxe6 49. a5 $17) 48. Kg2 Rh2+ 49. Kg1 Rd2 50. Rc3 $2 (50. Kf1) 50... Bc5+ 51. Kh1 Bd4 52. Rb3 {[#]} Ke5 $1 53. Rxb7 Kf4 54. Re7 {Accuracy: White = 38%, Black = 73%.} Kg3 0-1

[Event "4th Rome Open 2019"]
[Site "Rome"]
[Date "2019.12.09"]
[Round "2.2"]
[White "Smirnov, Anton"]
[Black "Fataliyeva, Ulviyya"]
[Result "1-0"]
[WhiteElo "2585"]
[BlackElo "2387"]
[Annotator "TA"]
[PlyCount "63"]
[EventDate "2019.12.08"]
[EventType "swiss"]
[EventCountry "ITA"]
[SourceTitle "playchess.com"]
[Source "ChessBase"]
[SourceQuality "1"]

{[%evp 14,109,0,0,51,45,77,72,78,76,77,80,82,77,96,96,128,122,152,114,103,95,97,93,114,100,160,162,191,169,158,122,110,110,143,152,161,104,128,110,114,107,127,127,120,111,116,107,444,427,537,468,743,476,471,462,431,440,425,415,469,447,443,415,522,532,522,502,465,381,693,643,678,660,658,541,521,494,695,652,1396,1299,1297,1255,1391,1456,2525,2451,2209,1622,2163,2014,1527,1295,1435,1417,12841,12842]} 1. e4 e6 2. d4 d5 3. e5 c5 4. c3 Nc6 5. Nf3 Qb6 6. Be2 cxd4 7. cxd4 Nh6 8. Bxh6 {[#] Hoping for Bc1.} gxh6 {C02: French: Advance Variation} (8... Qxb2 $11 9. Bxg7 Bxg7) (8... Qxb2 9. Nc3 Qxc3+ 10. Bd2 Qa3 11. O-O a6 12. Qc2 h6 13. Rab1 Qe7 14. Rb6 Qc7 15. Rfb1 Be7 16. Bd1 {1-0 (51) Durarbayli,V (2618)-Jumabayev,R (2621) Saint Louis 2018}) 9. Qd2 Bd7 10. Nc3 {[%cal Bb1c3,Bc3a4,Ba4c5][%mdl 32]} Bg7 {White is better.} 11. O-O O-O 12. Rac1 f6 13. exf6 Rxf6 14. Na4 Qd8 15. Nc5 Qe7 $146 ({Predecessor:} 15... Be8 16. Nxb7 {0-1 (55) Ristau,J-Wilken,E Cologne 1994}) 16. Ne5 Be8 17. Rfe1 h5 {Black wants to play ...Bh6.} 18. f4 Bh6 19. g3 Rc8 (19... Nxe5 $142 20. dxe5 Rf8) 20. Bf3 $16 Rf5 {Threatens to win with ...Nxe5.} 21. Bxd5 Rxe5 22. Bxe6+ Rxe6 23. Nxe6 Qd7 24. d5 Bf7 25. Rc2 (25. Re2 $18 Nd8 26. Rxc8 Qxc8 27. Nxd8 Qxd8 28. d6) 25... Ne7 26. Rxc8+ Nxc8 27. Qc3 {Qf6 is the strong threat.} Nb6 28. Qf6 Bg6 {[#]} 29. f5 $1 {[%cal Rf5g6]} Nxd5 30. Qe5 $40 {[%mdl 128] White is out for blood.} Be3+ $2 {[%mdl 8192]} (30... Bxf5 $16 {is more resistant.} 31. Qxf5 Ne3 32. Rxe3 Bxe3+ 33. Kg2 Bh6) 31. Kg2 $18 (31. Rxe3 Nxe3 32. Qxe3 Qd1+ 33. Kg2 Qc2+ 34. Qf2 Qe4+ 35. Qf3 Bxf5 $11) 31... Be8 {and the idea ...Bb6 leaves Black hopeful.} 32. Kh3 {Played: Re1-d1} 1-0

[Event "4th Rome Open 2019"]
[Site "Rome"]
[Date "2019.12.09"]
[Round "2.3"]
[White "Kanyamarala, Tarun"]
[Black "Kollars, Dmitrij"]
[Result "1/2-1/2"]
[WhiteElo "2313"]
[BlackElo "2584"]
[Annotator "TA"]
[PlyCount "165"]
[EventDate "2019.12.08"]
[EventType "swiss"]
[EventCountry "ITA"]
[SourceTitle "playchess.com"]
[Source "ChessBase"]
[SourceQuality "1"]

{[%evp 9,165,0,0,0,0,1,0,0,0,0,0,-12,0,-47,-47,-41,-46,-48,-41,-41,-41,-41,-41,-93,-93,-92,-84,-102,-102,-112,-93,-101,-97,-115,-106,-115,-97,-193,-172,-184,-196,-180,-160,-195,-95,-113,-126,-256,-89,-87,-87,-111,-110,-179,-171,-266,-76,-137,-30,-46,-41,-31,0,-144,-149,-147,-142,-297,-310,-484,-487,-453,-456,-405,-212,-142,-137,-214,0,0,0,0,0,0,0,0,0,0,0,0,0,0,0,0,166,181,181,176,162,0,0,0,0,0,0,0,94,95,94,0,0,0,88,23,34,33,37,37,35,0,0,0,0,0,0,0,0,0,0,0,0,-8,0,-8,-8,-8,0,0,0,-8,-8,-8,-8,-8,-8,-8,-112,-159,-8,-8,-8,-8,-8,-8,-8,-8,-8,-8]} 1. d4 Nf6 2. c4 e6 3. Nc3 Bb4 4. g3 Bxc3+ (4... O-O 5. Bg2 d5 6. Nf3 dxc4 7. a3 Bxc3+ 8. bxc3 c5 9. O-O Bd7 10. a4 Bc6 11. dxc5 Na6 12. Qd4 Qa5 13. Qxc4 Qxc5 14. Qh4 Qxc3 15. Rb1 Qa5 16. Bb2 Nd7 17. Ng5 {½-½ (82) Ponkratov,P (2651)-Predke,A (2632) Riga 2019}) 5. bxc3 d6 6. Nf3 {E20: Nimzo-Indian: 4 g3 and 4 f3} O-O 7. Bg2 Nc6 8. Qd3 e5 9. Nd2 Re8 10. O-O Qe7 $36 {[%mdl 2048] Black is pushing.} 11. e3 $146 ({Predecessor:} 11. e4 b6 12. Ba3 Ba6 13. f4 Qd7 14. fxe5 dxe5 {0-1 (38) Van Laatum,G (2330)-Chuchelov,V (2490) Belgium 1997}) 11... e4 12. Qc2 Bf5 13. Ba3 b6 14. Rab1 Qd7 15. Rfd1 Rad8 16. Rb5 (16. Qa4 $15) 16... Na5 $17 17. Rdb1 c6 18. R5b2 c5 19. Rb5 Nc6 20. Bc1 Rc8 21. a4 h5 22. Nb3 Bh3 23. Bh1 {[#]} (23. Qe2 $17) 23... h4 $1 $19 {[%mdl 512]} 24. a5 (24. gxh4 Qg4+) 24... Nxa5 $1 25. Nxa5 bxa5 26. Rxa5 Rc7 (26... Nh7 $19 {and Black stays clearly on top. Hoping for ...Ng5.} 27. Bxe4 Ng5) 27. Ba3 {[%cal Rd4c5]} Qf5 28. Ra6 (28. Rbb5 $17) 28... Rd8 $2 (28... Nh7 $19 29. Qd1 (29. Rxd6 $2 Ng5 $17) 29... Ng5) 29. Ra5 $17 Bg4 30. Bg2 Rdc8 31. Qd2 (31. Re1 $17) 31... Bf3 32. Bf1 (32. Qe1 $142) 32... Qh5 $2 (32... Nh7 $1 $19 33. Rb2 Ng5) 33. Rbb5 (33. h3 $142) 33... Ng4 (33... Bg4 $1 $17) 34. h3 $11 hxg3 35. fxg3 Nf6 36. dxc5 (36. Ra6 $11 {keeps the balance.}) 36... dxc5 $17 37. Qd6 {[%cal Rb5c5]} Nd7 38. g4 $2 (38. Qf4 $17) 38... Qh4 $19 39. Rb1 (39. Qf4 {might work better.} f6 40. Qh2) 39... Rc6 40. Qh2 Rh6 41. Rb2 Qe1 (41... f6 $142 42. Rab5 (42. Rxa7 $2 Ne5 $19) 42... Ne5 43. Rxc5 Rxc5 44. Bxc5 Bxg4 $1 {[%mdl 512]}) 42. Qf2 Qxc3 43. Qd2 (43. Rxa7 $17 {was necessary.} Ne5 44. Qd2 Qxd2 45. Rxd2 Bxg4 46. Rd5 Nf3+ 47. Kf2 Bxh3 48. Bxh3 Rxh3 49. Rxc5) 43... Qxd2 $2 (43... Qe5 $1 $19 {[%cal Re5g3] ...Qg3+ is the strong threat.} 44. Qh2 (44. Qxd7 Rf8 $19) 44... Qf6) 44. Rxd2 $11 Rc7 45. Rd5 {[%cal Ra3c5]} Rhc6 46. Kf2 a6 47. Kg3 f6 48. g5 fxg5 49. Rxg5 Rb7 50. Bxc5 Nxc5 51. Raxc5 Rcb6 $2 (51... Rxc5 $11 {and Black is okay.} 52. Rxc5 Rb1) 52. Rc8+ $1 $18 Kh7 53. c5 Rf6 54. h4 $2 ({Inferior is} 54. c6 Rb1 $11) ({Only move:} 54. Bc4 $1 $18) 54... Rb1 $11 55. Bh3 Rg1+ $1 56. Kh2 Rh1+ 57. Kg3 g6 (57... Rg1+ $11 58. Kf2 Rh1) 58. Re5 $16 Rf7 {[#]} 59. Be6 ({White should play} 59. Ree8 $1 $16) 59... Rg1+ $11 60. Kh3 Rf6 (60... Rh1+ $1 $11 {remains equal.} 61. Kg3 Rg1+ 62. Kh2 Rh1+ 63. Kg3) 61. Bg8+ (61. Bd5 $16 {White wants to mate with Re7+.} Bg4+ {[#]} 62. Kh2 $1 {[%mdl 512]} Bxc8 63. Kxg1) 61... Kh6 {Strongly threatening ...Bg4+.} 62. Rc7 {[%csl Gg8][%cal Rc7h7]} g5 63. hxg5+ Rxg5 64. Rxg5 (64. Rh7+ {looks sharper.} Kg6 65. Rg7+ Kxg7 66. Rxg5+ Kf8 67. Bd5) 64... Kxg5 $14 {[%mdl 4096] Endgame KRB-KRB} 65. Rg7+ (65. c6 {keeps more tension.} Bg4+ 66. Kg2 Kf5 67. Bc4 a5 68. Kg3) 65... Kf5 66. Rf7 (66. Bh7+ {seems wilder.} Ke6 67. c6 Ke5 68. Re7+ Kd5 69. c7) 66... Rxf7 67. Bxf7 $11 {aiming for c6. KB-KB} Ke5 68. Kg3 a5 69. Bb3 Be2 {And now ...Bb5 would win.} 70. Kf2 Bg4 {White must now prevent ...Bd7.} 71. Ke1 Be6 72. Bc2 Kd5 73. Bb3+ Ke5 74. Bc2 $1 Bd7 75. Kd2 Kd5 76. Kc3 Bc6 77. Bxe4+ Kxe4 78. Kb2 Kxe3 $2 {KB-KP} (78... Bd7 $17 79. Ka1 Bf5) 79. Ka3 {The position is equal.} Kd4 80. Kb2 a4 81. Ka1 a3 82. Ka2 $1 Kxc5 83. Kxa3 {Accuracy: White = 42%, Black = 66%.} 1/2-1/2

[Event "4th Rome Open 2019"]
[Site "Rome"]
[Date "2019.12.10"]
[Round "3.1"]
[White "Tiviakov, Sergei"]
[Black "Levin, Evgeny A."]
[Result "1/2-1/2"]
[WhiteElo "2615"]
[BlackElo "2518"]
[Annotator "RC"]
[PlyCount "98"]
[EventDate "2019.12.08"]
[EventType "swiss"]
[EventCountry "ITA"]
[SourceTitle "playchess.com"]
[Source "ChessBase"]
[SourceQuality "1"]
[TimeControl "40/5400+30:1800+30"]

1. e4 e6 2. d4 d5 3. Nd2 c5 4. Ngf3 cxd4 5. Nxd4 Nf6 6. exd5 Nxd5 7. N2f3 Bb4+ 8. Bd2 O-O 9. Be2 Qb6 10. c3 Be7 11. Qb3 Nc6 12. Qxb6 axb6 13. O-O Nxd4 14. Nxd4 e5 15. Nb5 Be6 16. c4 Nf4 17. Bxf4 exf4 18. Nc7 Rad8 19. Nxe6 fxe6 20. Rad1 Bf6 21. b3 Rd4 22. Rxd4 Bxd4 23. Bf3 Rd8 24. Rd1 e5 25. Kf1 Rd7 26. a4 Kf7 27. Be4 h6 28. Ke2 Ke7 29. h4 Kd6 30. b4 Rc7 31. Bd5 Rc8 32. Rd3 Ra8 33. Ra3 Bb2 34. Ra2 Bc3 35. b5 Kc5 36. Kd3 Kb4 37. Bxb7 Ra7 38. Bd5 Bd4 39. h5 Rxa4 40. Rxa4+ Kxa4 41. f3 Kb4 42. Ke4 Kc5 43. Kf5 Kd6 44. Kg6 Ke7 45. c5 Bxc5 46. Kxg7 Bb4 47. Kxh6 Kf6 48. Kh7 Bf8 49. Be4 Bg7 1/2-1/2

[Event "4th Rome Open 2019"]
[Site "Rome"]
[Date "2019.12.10"]
[Round "3.2"]
[White "Kanmazalp, Ogulcan"]
[Black "Smirnov, Anton"]
[Result "1/2-1/2"]
[WhiteElo "2462"]
[BlackElo "2585"]
[Annotator "RC"]
[PlyCount "84"]
[EventDate "2019.12.08"]
[EventType "swiss"]
[EventCountry "ITA"]
[SourceTitle "playchess.com"]
[Source "ChessBase"]
[SourceQuality "1"]
[TimeControl "40/5400+30:1800+30"]

1. e4 e6 2. d4 d5 3. Nd2 c5 4. exd5 Qxd5 5. Ngf3 cxd4 6. Bc4 Qd7 7. O-O Nc6 8. Nb3 Nf6 9. Qe2 a6 10. a4 Bd6 11. Rd1 e5 12. Nbxd4 Nxd4 13. Rxd4 Qe7 14. Rxd6 Qxd6 15. b3 Be6 16. Ba3 Bxc4 17. Qxc4 Qc6 18. Qxc6+ bxc6 19. Nxe5 c5 20. Bxc5 Nd7 21. Nxd7 Kxd7 22. a5 Rac8 23. b4 Kc6 24. Bd4 Kb5 25. c3 f6 26. f3 Rhe8 27. Kf2 Rcd8 28. g4 Rd5 29. h4 Re7 30. Rg1 Kc4 31. h5 f5 32. Kg3 fxg4 33. fxg4 Rdd7 34. Rf1 Re6 35. Rf5 g6 36. hxg6 Rxg6 37. Kf4 Rd5 38. Rxd5 Kxd5 39. Kf5 Rg8 40. g5 Rf8+ 41. Bf6 Rg8 42. Bd4 Rf8+ 1/2-1/2

[Event "4th Rome Open 2019"]
[Site "Rome"]
[Date "2019.12.10"]
[Round "3.3"]
[White "Vavulin, Maxim"]
[Black "Pirverdiyev, Agil"]
[Result "1-0"]
[WhiteElo "2556"]
[BlackElo "2415"]
[Annotator "TA"]
[PlyCount "61"]
[EventDate "2019.12.08"]
[EventType "swiss"]
[EventCountry "ITA"]
[SourceTitle "playchess.com"]
[Source "ChessBase"]
[SourceQuality "1"]

{[%evp 10,64,23,6,41,7,35,24,52,12,27,21,58,50,93,59,68,81,80,84,64,70,131,54,229,231,235,243,231,187,374,362,360,371,352,362,353,354,474,465,558,558,527,483,491,493,535,523,521,540,698,691,659,535,890,872,872]} 1. e4 c5 2. Nf3 d6 3. d4 cxd4 4. Nxd4 Nf6 5. Nc3 a6 6. Nb3 h6 {B90: Sicilian Najdorf: Unusual White 6th moves, 6 Be3 Ng4 and 6 Be3 e5} (6... Nbd7 7. Be3 h5 8. a4 g6 9. a5 Bg7 10. Be2 b5 11. axb6 Nxb6 12. h3 Qc7 13. Qd4 Rb8 14. Bxa6 {½-½ (31) Svidler,P (2729)-Vachier Lagrave,M (2774) Khanty-Mansiysk 2019}) 7. f4 $146 ({Predecessor:} 7. Be2 e5 8. Be3 Be7 9. f3 Be6 10. Nd5 Nxd5 11. exd5 Bf5 12. f4 Nd7 13. fxe5 Nxe5 14. O-O Bg6 15. Nd4 Bg5 {1-0 (44) Dimitrova,A (2273)-Paramzina,A (2300) St Petersburg 2019}) 7... Qc7 8. Be2 e5 {White has an edge.} 9. O-O Be7 10. Qd3 Nbd7 11. Qg3 $36 {[%mdl 2048] White has some pressure.} g6 12. fxe5 dxe5 13. Bd3 Nb6 14. Be3 Be6 15. Nd4 $1 {[%cal Rd4e6]} Bc8 (15... Qd6 $14) 16. Nf3 (16. h3 $16) 16... Nbd7 $2 ({Black should try} 16... Ng4 $14 17. Bxb6 Qxb6+ 18. Kh1 Be6) 17. Nd5 $18 Nxd5 18. exd5 Qd6 19. Rae1 Kd8 $2 {[#]} (19... Qxd5 {is a better defense.} 20. b3 Rh7) 20. Nxe5 $1 {[%mdl 576] Deflection} Nxe5 {[#]} (20... Qxe5 21. Bb6+) 21. Qxe5 $1 {[%mdl 512]} Qxe5 22. Bb6+ {[%mdl 64] Discovered Attack} Kd7 23. Rxe5 Rh7 24. Rfe1 {White is clearly winning.} Bf6 25. Re8 Rh8 26. R1e7+ {[%mdl 64] Deflection} Bxe7 27. Rxh8 Kd6 28. c4 a5 29. Be4 Bf6 30. c5+ Kd7 31. Rf8 {Played: Rh8-g8} 1-0